[Event "Bratto op 21st"]
[Site "Bratto"]
[Date "2001.08.25"]
[Round "4"]
[White "Foisor, Ovidiu Doru"]
[Black "Preiss, Martin"]
[Result "1/2-1/2"]
[WhiteElo "2400"]
[BlackElo "2262"]
[PlyCount "54"]
[EventDate "2001.08.22"]
[EventType "swiss"]
[EventRounds "9"]
[EventCountry "ITA"]
[SourceTitle "EXT 2002"]
[Source "ChessBase"]
[SourceDate "2001.11.25"]
[SourceVersion "1"]
[SourceVersionDate "2001.11.25"]
[SourceQuality "1"]

1. Nf3 f5 2. g3 Nf6 3. Bg2 g6 4. b3 Bg7 5. Bb2 0-0 6. d4 d6 7. 0-0 Qe8 8. Nbd2 Nc6 9. Nc4 h6 10. d5 Nb4 11. Ne3 c6 12. dxc6 bxc6 13. a3 Na6 14. b4 Nc7 15. c4 Bd7 16. c5 Ne4 17. Bxg7 Kxg7 18. cxd6 exd6 19. Rc1 Qe7 20. Nd2 d5 21. Nxe4 fxe4 22. Nc2 Nb5 23. Nd4 Nxd4 24. Qxd4+ Qf6 25. Rfd1 Rf7 26. b5 Rc8 27. bxc6 Rxc6 1/2-1/2

[Event "Bratto op 21st"]
[Site "Bratto"]
[Date "2001.08.24"]
[Round "3"]
[White "Preiss, Martin"]
[Black "Caruso, Daniele"]
[Result "1-0"]
[WhiteElo "2262"]
[BlackElo "2104"]
[PlyCount "51"]
[EventDate "2001.08.22"]
[EventType "swiss"]
[EventRounds "9"]
[EventCountry "ITA"]
[SourceTitle "EXT 2002"]
[Source "ChessBase"]
[SourceDate "2001.11.25"]
[SourceVersion "1"]
[SourceVersionDate "2001.11.25"]
[SourceQuality "1"]

1. c4 Nf6 2. Nc3 g6 3. g3 Bg7 4. Bg2 0-0 5. Nf3 c5 6. d4 cxd4 7. Nxd4 Nc6 8. 0-0 a6 9. Nb3 Rb8 10. c5 b6 11. Bxc6 dxc6 12. Qxd8 Rxd8 13. Bf4 Rb7 14. cxb6 Ne8 15. Rfd1 Rxd1+ 16. Rxd1 Kf8 17. Na4 e5 18. Be3 Bf6 19. Na5 Rb8 20. Nxc6 Rb7 21. Nb4 Rb8 22. Nc6 Rb7 23. Nc3 Be6 24. Na5 Rb8 25. b7 Be7 26. Ba7 1-0

[Event "Verbandsliga Nord Baden 0001"]
[Site "Germany"]
[Date "2000.12.10"]
[Round "4.5"]
[White "Schulte, Torsten"]
[Black "Preiss, Martin"]
[Result "0-1"]
[WhiteElo "2092"]
[BlackElo "2245"]
[PlyCount "108"]
[EventDate "2000.10.??"]
[EventType "team"]
[EventRounds "9"]
[EventCountry "GER"]
[SourceTitle "EXT 2004"]
[Source "ChessBase"]
[SourceDate "2003.11.25"]
[SourceVersion "1"]
[SourceVersionDate "2003.11.25"]
[SourceQuality "1"]
[WhiteTeam "Eppingen II"]
[BlackTeam "Karlsruhe II"]
[WhiteTeamCountry "GER"]
[BlackTeamCountry "GER"]

1. d4 f5 2. g3 Nf6 3. Bg2 e6 4. Nf3 d5 5. 0-0 Bd6 6. c4 c6 7. Qc2 0-0 8. Ne1 b6 9. Nd3 Qe7 10. Bf4 Bb7 11. Nd2 Nbd7 12. Nf3 Ne4 13. Rac1 c5 14. Bxd6 Qxd6 15. dxc5 bxc5 16. cxd5 exd5 17. Rfd1 Rac8 18. e3 Rfd8 19. b3 Qf6 20. Qb2 Qxb2 21. Nxb2 Kf7 22. Nd2 Ne5 23. Nxe4 fxe4 24. Rc2 Ba6 25. Bf1 Nf3+ 26. Kg2 Bxf1+ 27. Rxf1 d4 28. exd4 cxd4 29. Rxc8 Rxc8 30. Nc4 Ke6 31. Rd1 d3 32. h3 Rc5 33. g4 Kd5 34. Ne3+ Kd4 35. Nc4 h5 36. Kg3 h4+ 37. Kg2 Rc6 38. Kf1 Ra6 39. Ra1 Kc3 40. Rc1+ Kd4 41. Ra1 g6 42. Nb2 Nd2+ 43. Ke1 Nxb3 44. Rb1 Nc5 45. Ra1 Ra3 46. Nd1 Ne6 47. Ne3 Nf4 48. g5 Ra5 49. Rc1 Rc5 50. Rb1 Nxh3 51. Rb4+ Ke5 52. Ng2 Rc1+ 53. Kd2 Rc2+ 54. Kd1 Nxf2+ 0-1

[Event "SUI-chT"]
[Site "Switzerland"]
[Date "2000.??.??"]
[Round "?"]
[White "Gruenenwald, Joerg"]
[Black "Preiss, Martin"]
[Result "1/2-1/2"]
[WhiteElo "2362"]
[BlackElo "2245"]
[PlyCount "67"]
[EventDate "2000.02.??"]
[EventType "team-tourn"]
[EventRounds "9"]
[EventCountry "SUI"]
[SourceTitle "EXT 2001"]
[Source "ChessBase"]
[SourceDate "2000.11.22"]
[SourceVersion "1"]
[SourceVersionDate "2000.11.22"]
[SourceQuality "1"]

1. d4 f5 2. g3 Nf6 3. Bg2 e6 4. Nf3 d5 5. c4 c6 6. 0-0 Bd6 7. b3 Qe7 8. Bb2 0-0 9. Ne5 Nbd7 10. Nd2 Ne4 11. Nd3 b6 12. f3 Nxd2 13. Qxd2 Nf6 14. Rac1 Bb7 15. c5 Bc7 16. a4 Nd7 17. Ba3 bxc5 18. Bxc5 Nxc5 19. Nxc5 Rab8 20. f4 Bd6 21. Qe3 Bc8 22. Rc3 Bd7 23. Rfc1 Bxc5 24. Rxc5 Rb7 25. R1c3 Rfb8 26. Bf3 Be8 27. Kg2 Rb4 28. Rd3 Qf6 29. Rcc3 h6 30. Qe5 Qxe5 31. dxe5 Rc8 32. Rc5 Rcb8 33. Rcc3 Rc8 34. Rc5 1/2-1/2